National Parks Picture Quiz #1 - Statistics

General Stats
  • This quiz has been taken 61 times
  • The average score is 11 of 16
Answer Stats
Picture Answer % Correct
Yellowstone
94%
Grand Canyon
87%
Denali
83%
Yosemite
83%
Arches
81%
Zion
78%
Crater Lake
72%
Everglades
69%
Hawai'i Volcanoes
69%
Mesa Verde
69%
Gateway Arch
67%
Mount Rainier
67%
Glacier
65%
Mammoth Cave
65%
Carlsbad Caverns
59%
Acadia
30%
No matching quizzes found
Score Distribution
Percent of People with Each Score
Percentile by Number Answered
Your Score History
You have not taken this quiz